| 000 | 00720nam a2200241 a 4500 | ||
|---|---|---|---|
| 005 | 20210219152842.0 | ||
| 008 | 991125n 000 0 eng u | ||
| 035 | _aUPN01000063110 | ||
| 100 | _aStites, Regie | ||
| 222 | _aCOMPARATIVE EDUCATION REVIEW | ||
| 245 | _aAdult literacy for social equality or economic growth? changing agendas for mass literacy in China and Tanzania | ||
| 300 | _a44-75 | ||
| 362 | _a1991 35, No. 1 | ||
| 505 | _aJulio 1991 | ||
| 653 | 0 | _aALFABETIZACION DEL ADULTO | |
| 653 | 0 | _aCAMBIO EDUCATIVO | |
| 653 | 0 | _aEDUCACION ALFABETIZADORA | |
| 653 | 0 | _aEDUCACION EQUITATIVA | |
| 653 | 0 | _aPUBLIC POLICY | |
| 700 | _aSemali, Ladislaus | ||
| 904 |
_aAC _b000921 |
||
| 905 | _aArticulo | ||
| 999 |
_c61993 _d61993 |
||